| 000 | 01437cad a22002295a 4500 | ||
|---|---|---|---|
| 001 | L158480 | ||
| 008 | 120817s2014 xxk 000 0 eng d | ||
| 035 | _a(Sirsi) u158480 | ||
| 041 | 0 | _aeng | |
| 110 | 1 | _aDeutsche Asset and Wealth Management | |
| 245 | 0 | 0 |
_aBusiness rates revaluation _bSupporting the recovery of U.K. secondary property - April 2014 _h[electronic resources] |
| 260 |
_a[S.l.] _bDeutsche Asset and Wealth Management _b2014 |
||
| 490 | 0 |
_aReal Estate Investment Management _vApril 2014 |
|
| 520 | _aDiscusses the implications of UK business rates taxation on real estate demand and the potential impact of the planned revaluation scheduled for 2017. The planned revaluation of business rates in 2017 could provide significant support to the secondary property market, particularly retail, while reducing the relative appeal of prime assets. Given the expected magnitude of the tax cut on some secondary properties, the planned 2017 revaluation may help to sustain the recent rise in investor demand for secondary assets and locations, boosting the relative return from this part of the real estate market. | ||
| 590 | _aKA NTK | ||
| 650 | 2 | 4 | _aBUSINESS RATES |
| 651 | 4 | _aUnited Kingdom | |
| 690 |
_aCommercial property _96227 |
||
| 710 | 1 |
_aRREEF Real Estate _96033 |
|
| 856 | 4 | 0 |
_uhttps://realestate.deutscheawm.com/research/research_6976.jsp _zView the report at http://realestate.deutscheawm.com |
| 942 | _n0 | ||
| 999 |
_c115333 _d115333 |
||